Normal view
MARC view
- Married people
Entry Topical Term
001 - CONTROL NUMBER
- control field: 9124
003 - CONTROL NUMBER IDENTIFIER
- control field: OSt
005 - DATE AND TIME OF LATEST TRANSACTION
- control field: 20181122083517.0
008 - FIXED-LENGTH DATA ELEMENTS
- fixed length control field: 181122|| aca||aabn | a|a d
040 ## - CATALOGING SOURCE
- Original cataloging agency: OSt
- Transcribing agency: OSt
150 ## - HEADING--TOPICAL TERM
- Topical term or geographic name entry element: Married people
670 ## - SOURCE DATA FOUND
- Source citation: Work cat.: (OSt)0: Pak Utih, 1954- author. 9123, MENANTU HIPSTER /

PORTAL AKMAL
E-MEL JKDM
AKMAL2U
G-BAM
u-PUSTAKA